| 000 | 01306cam a2200337 4500 | ||
|---|---|---|---|
| 001 | 25069 | ||
| 005 | 20230410115557.0 | ||
| 008 | 060907n2003 ck spa | ||
| 020 | _a9588201209 | ||
| 035 | _9funglode25259 | ||
| 041 | _aES | ||
| 050 | 1 | 4 |
_aHF 1411 _bH844c 2003 |
| 082 | 0 | 0 |
_a337 _222 |
| 100 | 1 |
_aHoutart, Francoise, _d1925- |
|
| 245 | 1 | 0 |
_aCrisis del neoliberalismo y recreación de las luchas de los pueblos / _cFrancoise Houtart |
| 260 |
_aBogotá : _bUniversidad Nacional de Colombia, Facultad de Derecho, Ciencias Políticas y Sociales, _c2003 |
||
| 300 |
_a186 p. : _bill. ; _c23 cm. |
||
| 440 | 0 | _aColección Pensamiento de liberación en América Latina | |
| 504 | _aIncludes bibliographical references (p. 181-186). | ||
| 650 | 0 | _aInternational economic relations. | |
| 650 | 0 | _aInternational economic integration. | |
| 650 | 0 | _aLiberalism. | |
| 650 | 0 | _aGlobalization. | |
| 650 | 0 | _aAnti-globalization movement. | |
| 650 | 0 | _aStructural adjustment (Economic policy) | |
| 650 | 0 |
_aStructural adjustment (Economic policy) _zLatin America. |
|
| 650 | 0 |
_aLiberalism _zLatin America. |
|
| 650 | 0 |
_aAnti-globalization movement _zLatin America. |
|
| 710 | 2 |
_aUniversidad Nacional de Colombia. _bFacultad de Derecho, Ciencias Políticas y Sociales. |
|
| 942 |
_2lcc _cbk |
||
| 999 |
_c43949 _d43949 |
||